Dragon Ball Z Characters Defeated by Vegeta - Statistics

General Stats
  • This quiz has been taken 1,240 times
    1,230 since last reset
  • The average score is 7 of 17
Answer Stats
Answer % Correct
Nappa
83%
Zarbon
67%
Android 19
63%
Dodoria
63%
Jeice
55%
Guldo
54%
Burter
53%
Cui
52%
Recoome
48%
Pui Pui
46%
Saibaman
30%
Appule
25%
Cooler
16%
Android 15
13%
King Moai
4%
Lesoy
4%
Dr. Raichi
3%
No matching quizzes found
Score Distribution
Percent of People with Each Score
Percentile by Number Answered
Your Score History
You have not taken this quiz since the last reset